[Event "Reykjavik op"]
[Site "Reykjavik"]
[Date "1996.??.??"]
[Round "2"]
[White "Nikolic, Predrag"]
[Black "Raetsky, Alexander"]
[Result "1-0"]
[WhiteElo "2645"]
[BlackElo "2485"]
[Annotator "Ftacnik,L"]
[PlyCount "79"]
[EventDate "1996.03.??"]
[EventType "swiss"]
[EventRounds "9"]
[EventCountry "ISL"]
[SourceTitle "CBM 052"]
[Source "ChessBase"]
[SourceDate "1996.06.01"]
[SourceVersion "1"]
[SourceVersionDate "1996.06.01"]
[SourceQuality "1"]

1. d4 d5 2. c4 dxc4 3. e4 Nf6 4. e5 Nd5 5. Bxc4 Nb6 6. Bb3 Nc6 7. Ne2 Bf5 8.
Nbc3 e6 9. O-O Qd7 10. Be3 Be7 11. a3 O-O-O {It is not easy to attack black on
the queenside, since his pieces are controling the center and d5 square is
weak.} 12. Na4 (12. Qc1 Kb8 13. Rd1 f6 (13... Na5 14. Ba2 Nac4 15. Ng3 Bg6 16.
Bf4 Qc6 17. b4 a6 18. Nce2 h5 19. h3 h4 20. Nf1 Be4 21. f3 Bd5 22. Nc3 g5 23.
Nxd5 Nxd5 24. Bh2 b5 {1/2-1/2 Savchenko,S-Greenfeld,A/EUCup f Lyon/1994/ (43)})
14. Ng3 Bg6 15. Nge4 Na5 16. Ba2 Nac4 17. exf6 gxf6 18. Nc5 Qc6 19. b4 Rhg8 20.
b5 Qd6 21. a4 Bh5 22. Re1 $10 Rxg2+ 23. Kxg2 Rg8+ 24. Kh3 {1/2-1/2 Van Wely,
L-Anand,V/Wijk (10)/1996/}) (12. Rc1 Na5 (12... Kb8 $5) 13. Bc2 (13. Ba2 Nac4
14. Ng3 Bg6 15. Qe2 Nxe3 16. fxe3 Kb8 17. Rfd1 (17. Nge4 Nd5 $1 18. b4 Nxc3 19.
Nxc3 f6 $10) 17... Nd5 18. e4 $6 Nxc3 19. bxc3 h5 $1 20. Nf1 Qc6 21. Re1 Bh4
22. g3 Bg5 23. Rc2 h4 24. g4 f6 {1/2-1/2 Vyzmanavin,A-Greenfeld,A/Elenite (08)/
1994/ (26)}) 13... Nac4 (13... Bg6 $1 $13) 14. Bxf5 exf5 15. Qc2 f6 16. exf6
Bxf6 17. Bf4 g5 18. Bxc7 Kxc7 19. b3 Nxa3 20. Qa2 Be7 21. Nb5+ Kb8 22. Nxa3
Bxa3 23. Qxa3 Nd5 24. Rc5 f4 25. Ra1 a6 {0-1 Rogozenko,D-Maksimenko,A/Lvov (01)
1995 (33)}) (12. Ba2 f6 13. f4 (13. exf6 Bxf6 14. Qe1 Nxd4 15. Nxd4 Bxd4 16.
Bxd4 Qxd4 17. Bxe6+ Bxe6 18. Qxe6+ Qd7 19. Qb3 $14 {Kamsky,G-Magem Badals,J/
Madrid/1994/}) 13... h6 (13... Nd5 14. Nxd5 exd5 15. Nc3 $16) 14. Qe1 fxe5 15.
fxe5 Bg5 16. Bf2 h5 17. Kh1 (17. b4 Kb8 18. Bb3 h4 19. h3 Qe8 20. Rd1 Qg6 $10 {
Agrest,E-Kharlov,A/Pinsk/1993/0-1 (61)}) 17... Qe7 18. Bg1 h4 19. h3 Rhf8 20.
b4 Qe8 21. Bb3 Qg6 22. Ra2 Kb8 23. Rf3 Qh6 24. Na4 Nxa4 25. Bxa4 Ne7 26. Nc3
Bf4 {Tunik,G-Kharlov,A/RUS-ch Elista (01)/1994/1-0 (64)}) 12... Nd5 (12... Nxa4
13. Bxa4 Be4 14. Rc1 $14) 13. Rc1 Kb8 14. Bc4 (14. Nc5 Bxc5 15. Rxc5 Nce7)
14... a6 (14... f6 15. Bb5) 15. b4 Bg4 16. h3 (16. b5 Na5 17. Bxd5 Bxe2 18.
Qxe2 exd5 19. Rb1 $14) 16... Bh5 17. Bb3 (17. b5 $5) 17... Qe8 18. Qe1 (18. Qc2
f6 $1 $132) 18... f6 $1 19. exf6 gxf6 20. Nc5 Bxc5 21. Rxc5 Rg8 22. Kh2 (22.
Ng3 Nce7) 22... Bxe2 23. Qxe2 {White bishops are not clearly superior to the
enemy's knights, since the position is quite compact and it is not easy to
open it any further.} Qg6 24. Qf3 Nce7 (24... Qd3 $5 25. Bxd5 Rxd5 (25... Qxf1
26. Bxc6 bxc6 27. Qxc6 $16) 26. Rxd5 Qxf1 27. Rd7 h5 $13) 25. Bc2 f5 (25... Nf5
26. Bxf5 Qxf5 27. Qxf5 exf5 $10) 26. Re1 Qg7 27. Bb3 Rd6 (27... Nxe3 28. fxe3
Nd5 29. b5 $14) 28. g3 Rgd8 (28... h5 29. Bf4 Nxf4 30. Qxf4 Qxd4 31. Qxd4 Rxd4
32. Rxe6 $14) 29. Bf4 $1 Nxf4 (29... Rb6 30. Be5 $16) 30. Qxf4 Nd5 (30... Qxd4
31. Qxd4 Rxd4 32. Rxe6 $14) 31. Bxd5 Rxd5 (31... exd5 32. Re5 $16) 32. Rxe6
Rxd4 33. Qxf5 Rd2 (33... Rf8 34. Qc2 Qf7 35. Re2 $16) 34. Rf6 Qe7 (34... Rg8
35. Qf4 $16) 35. Rf7 Qe1 36. Rcxc7 Rxf2+ 37. Qxf2 Rd2 38. Rxb7+ Kc8 (38... Ka8
39. Ra7+ Kb8 40. Rf8+) 39. Rfc7+ Kd8 40. Rd7+ 1-0

[Event "Elenite"]
[Site "Elenite"]
[Date "1994.??.??"]
[Round "7"]
[White "Georgiev, Kiril"]
[Black "Greenfeld, Alon"]
[Result "0-1"]
[WhiteElo "2615"]
[BlackElo "2600"]
[Annotator "Ftacnik,L"]
[PlyCount "76"]
[EventDate "1994.??.??"]
[EventType "tourn"]
[EventRounds "9"]
[EventCountry "BUL"]
[EventCategory "15"]
[SourceTitle "CBM 044"]
[Source "ChessBase"]
[SourceDate "1995.02.01"]
[SourceVersion "1"]
[SourceVersionDate "1995.02.01"]
[SourceQuality "1"]

1. d4 d5 2. c4 dxc4 3. e4 Nf6 4. e5 Nd5 5. Bxc4 Nb6 6. Bd3 Nc6 7. Be3 Be6 8.
Nc3 Qd7 9. Nf3 O-O-O 10. O-O Bg4 11. h3 Bh5 12. a3 (12. e6 $6 Qxe6 (12... fxe6
13. g4 Bg6 14. Bb5 $16 {/\ Ne5}) 13. Ng5 (13. d5 Nxd5 14. Bc4 Ncb4 15. a3 Qc6
$1) 13... Bxd1 (13... Qxe3 $2 14. fxe3 Bxd1 15. Raxd1 {/\ Nf7}) 14. Nxe6 fxe6
15. Raxd1 Nxd4 $15) 12... e6 13. Rc1 Kb8 14. b4 (14. Ne4 $2 Bxf3 15. Qxf3 Nxd4)
14... f5 $1 (14... Nxd4 15. Bxd4 (15. g4 $5 Nxf3+ 16. Qxf3 Bg6 17. Bxg6 hxg6
18. Bxb6 axb6 19. Rfd1 Qe8 20. Rxd8+ Qxd8 21. Qxf7 $40) 15... Bxf3 (15... Qxd4
16. Nxd4 Bxd1 17. Nc6+ bxc6 18. Rfxd1 $44) 16. Qxf3 Qxd4 17. Be4 Nd5 18. Nxd5
exd5 19. Bxd5 $1 Qxd5 $140 20. Rfd1 $18) 15. exf6 gxf6 16. Ne4 (16. Be4 $5) (
16. b5 Nxd4 17. Bxd4 Qxd4 18. Nxd4 Bxd1 19. Nxe6 Rxd3 20. Rfxd1 Rxd1+ 21. Rxd1
Bxa3 $13) 16... Qg7 $1 $17 17. Re1 $2 (17. Ng3 Rg8) (17. Kh1 Rg8 18. Rg1 $17)
17... Rg8 18. Bf1 Ne5 $1 19. Ned2 (19. dxe5 Rxd1 20. Rcxd1 Bxf3 21. Rd8+ Nc8
22. Nxf6 Bxg2 23. Nd7+ (23. Nxg8 Bf3+ 24. Kh2 Qxe5+ 25. Kg1 Qg7+ 26. Kh2 Qxg8
$19) 23... Qxd7 24. Rxd7 Bc6+ 25. Kh2 Bxd7 $19) 19... Nd3 $1 20. Rxc7 (20. Bh6
Qxh6 21. Bxd3 Bxf3 22. Nxf3 Qxh3 $17) 20... Qxc7 21. Bxd3 Nd5 22. Qb3 Bd6 23.
Bf1 Rc8 24. Kh1 Qg7 (24... Qc3 25. Qa2 f5 $17) 25. Qb1 Bg6 26. Qd1 Bc2 27. Qa1
Rc3 28. Rc1 Bd3 $1 29. Rxc3 Nxc3 30. Ne1 (30. Qxc3 Bxf1 31. g3 Bxh3 $19) 30...
Bxf1 31. Nxf1 Nd5 32. Bd2 Qg6 33. Ne3 (33. Qb2 Qe4 $17) 33... Nf4 34. Qa2 Qh5
35. Ng4 Nxh3 36. Nxf6 Nxf2+ 37. Kg1 Nh3+ 38. Kh1 Qe2 $1 (38... Qe2 39. Nxg8
Qf1#) 0-1

[Event "Hoogovens"]
[Site "Wijk aan Zee"]
[Date "1996.01.25"]
[Round "10"]
[White "Van Wely, Loek"]
[Black "Anand, Viswanathan"]
[Result "1/2-1/2"]
[WhiteElo "2570"]
[BlackElo "2725"]
[Annotator "Giese"]
[PlyCount "47"]
[EventDate "1996.01.13"]
[EventType "tourn"]
[EventRounds "13"]
[EventCountry "NED"]
[EventCategory "17"]
[SourceTitle "CBM 051"]
[Source "ChessBase"]
[SourceDate "1996.04.01"]
[SourceVersion "1"]
[SourceVersionDate "1996.04.01"]
[SourceQuality "1"]

1. d4 d5 2. c4 dxc4 3. e4 Nf6 4. e5 Nd5 5. Bxc4 Nc6 6. Ne2 Nb6 7. Bb3 Bf5 8.
Nbc3 e6 9. O-O Qd7 10. a3 Be7 11. Be3 O-O-O 12. Qc1 Kb8 13. Rd1 f6 14. Ng3 Bg6
15. Nge4 Na5 16. Ba2 Nac4 17. exf6 gxf6 18. Nc5 Qc6 19. b4 Rhg8 20. b5 Qd6 21.
a4 Bh5 22. Re1 $10 {[#]} Rxg2+ 23. Kxg2 Rg8+ 24. Kh3 (24. Kf1 $2 Nxe3+ 25. Rxe3
(25. fxe3 Qxh2 {[%cal Yg8g1,Yh2g1]}) 25... Qxh2 26. Ke1 (26. Rg3 Qh1+ $19)
26... Rg1+ $19 {[%csl Rc1,Rf2]}) (24. Kh1 $4 Bf3#) (24. Kh3 Bg4+ 25. Kg2 Bh5+
$10) 1/2-1/2

[Event "URS-ch55"]
[Site "Moscow"]
[Date "1988.07.??"]
[Round "4"]
[White "Beliavsky, Alexander G"]
[Black "Ehlvest, Jaan"]
[Result "1/2-1/2"]
[WhiteElo "2665"]
[BlackElo "2580"]
[Annotator "Glatman,V"]
[PlyCount "81"]
[EventDate "1988.07.??"]
[EventType "tourn"]
[EventRounds "17"]
[EventCountry "URS"]
[EventCategory "14"]
[SourceTitle "URS-ch"]
[Source "ChessBase"]
[SourceDate "1999.07.01"]
[SourceVersion "1"]
[SourceVersionDate "1999.07.01"]
[SourceQuality "1"]

1. d4 d5 2. c4 dxc4 3. e4 Nc6 4. Be3 Nf6 5. f3 $6 (5. Nc3 e5 6. d5 Ne7 7. Bxc4
Ng6 8. Bb5+ $5 Nd7 9. Nge2 Bd6 10. Qd2 a6 11. Bd3 Qe7 12. f3 Nf6 {Timman,
J-Lautier,J/Wijk aan Zee/1994/0:1 (40)/} 13. O-O $5) 5... e5 6. d5 Nd4 7. Bxd4
exd4 8. Qxd4 c6 9. Nc3 (9. Bxc4 cxd5 10. exd5 Bd6 11. Bb5+ Bd7 12. Bxd7+ Nxd7
13. Ne2 O-O 14. Nbc3 Bc5 15. Qd3 {Timoshchenko,G-Balashov,Y/Sverdlovsk/1987/}
Re8 $1 $15 {Balashov/}) 9... cxd5 10. O-O-O (10. e5 Nd7 11. Nxd5 (11. Qxd5 Nb6)
11... Bc5 12. Qxc4 O-O) 10... Bb4 11. Bxc4 (11. e5 Bxc3 12. Qxc3 Nd7 13. Rxd5
O-O 14. Bxc4 Qe7 $44) 11... Bxc3 12. bxc3 (12. Qxc3 O-O 13. exd5 Bf5 $40) 12...
O-O 13. exd5 (13. Bxd5 $5) 13... b5 14. Bb3 (14. Bxb5 Rb8 (14... Qa5 $44) 15.
Bc4 Qa5 $40) 14... a5 15. Ne2 Qd6 16. Ng3 a4 17. Bc2 Qa3+ 18. Kb1 Rd8 (18...
Nxd5 $1 19. Qxd5 Be6 20. Bxh7+ Kxh7 21. Qd2 Rfc8 22. Rc1 b4 $36) 19. Qb4 $1
Qxb4+ 20. cxb4 Nxd5 21. Rxd5 $1 Rxd5 22. Be4 Bb7 23. Bxd5 Bxd5 24. Rd1 Be6 25.
a3 $10 Kf8 26. Kb2 Ke7 27. Ne4 Ra7 28. Re1 (28. Nc5 $5) 28... Rd7 29. Kc3 Rd5
30. Nc5 Kf6 31. Ne4+ Kg6 32. Nf2 (32. Re2 $5) 32... Kf6 33. Rd1 $2 (33. Ne4+
$10) 33... Rxd1 34. Nxd1 Ke5 35. Ne3 f5 $1 $17 36. Nc2 Bc4 37. Ne3 Be6 38. Nc2
f4 $2 (38... g5 $1) 39. Ne1 $1 $10 g5 40. Nd3+ Kd5 41. h4 1/2-1/2

[Event "NED-Cup sf"]
[Site "Netherlands"]
[Date "1999.05.22"]
[Round "?"]
[White "Thesing, Matthias"]
[Black "Glek, Igor Vladimirovich"]
[Result "0-1"]
[WhiteElo "2455"]
[BlackElo "2566"]
[Annotator "Glek,I"]
[PlyCount "52"]
[EventDate "1999.??.??"]
[EventType "team"]
[EventRounds "1"]
[EventCountry "NED"]
[SourceTitle "CBM 070"]
[Source "ChessBase"]
[SourceDate "1999.06.08"]
[SourceVersion "1"]
[SourceVersionDate "1999.06.08"]
[SourceQuality "1"]

1. e4 e6 2. d4 d5 3. exd5 exd5 4. Nf3 Bd6 5. c4 dxc4 6. Bxc4 Nf6 7. O-O O-O 8.
Nc3 Nc6 9. h3 h6 10. Be3 a6 (10... Bf5) 11. Qd2 (11. a3 Bf5 $11) 11... b5 (
11... Bf5 $2 12. Bxh6 $1 gxh6 13. Qxh6 Nd7 14. g4 Bh7 15. Ng5 Bc2 16. Rac1 Bf4
17. Nxf7 $1 Bxh6 18. Nxd8+ Kh8 19. Nxc6 Bxc1 20. Rxc1 Bh7 21. Ne5 $18) 12. Bd3
Nb4 13. Bb1 Re8 14. a3 Nbd5 15. Nxd5 Nxd5 16. Qc2 Nf6 17. Ne5 $1 Bxe5 $6 (17...
Bb7 $11) 18. dxe5 Rxe5 19. Rd1 $1 (19. Bf4 Bf5 (19... Re7 $5) 20. Qc1 Rd5 21.
Bxf5 Rxf5 22. Bxc7 Qd7 $11) 19... Qe8 (19... Rd5 20. Rxd5 Qxd5 21. Ba2 Qe5 22.
Qc6 Rb8 23. Rc1 $44) 20. Ba2 $2 (20. Bd4 $1 Bf5 21. Qc1 Rd5 22. Bxf6 Rxd1+ 23.
Qxd1 Bxb1 24. Bxg7 Rd8 25. Qg4 Bf5 26. Qxf5 Kxg7 $14) 20... c5 $1 $15 21. Bf4 (
21. Bxc5 Bf5 (21... Bxh3 22. gxh3 Rg5+ (22... Qc6 23. Bxf7+ Kxf7 24. Qb3+ Nd5 (
24... Kg6 25. Qd3+ Kh5 26. Bd6 Rg5+ (26... Rd8 27. Bxe5 Rxd3 28. Rxd3) 27. Bg3
Re8 28. Re1 Qd5)) 23. Kf1 Qc6 (23... Qc8 24. Bxf7+ Kxf7 25. Qb3+ Kg6 26. Bd4))
22. Qc1 Rc8 23. b4 Nd7 $17) 21... Re2 22. Qxc5 Bb7 23. f3 (23. Qf5 $1 $15)
23... Rc8 24. Qb6 $2 (24. Qd4 Nh5 (24... Rcc2 25. Rd2 Rcxd2 26. Bxd2 Qc6 27.
Rf1 (27. Kf1 Rxg2) 27... Qc2 28. Qd8+ Ne8) 25. Rac1 Rxc1 26. Rxc1 (26. Bxc1
Re1+ 27. Kh2 Bxf3 (27... Qb8+ 28. f4 Rxd1 29. Qxd1 Nxf4 30. Bxf7+ Kxf7 (30...
Kh8 31. g3 Qf8 32. Bxf4 Qxf7 33. Qd8+ Kh7 34. Qd3+ $11) 31. Qf1 g5 32. g3 Qc8
33. gxf4 Qc2+ 34. Kg3 Kg6 35. fxg5 hxg5 $15) 28. Rxe1 Qxe1 $17) 26... Rxg2+ 27.
Kxg2 Qe2+ 28. Kg1 Qxf3 29. Bxf7+ Kh7 $19) 24... Rcc2 $3 25. Rd2 (25. Rd8 Rxg2+
26. Kh1 (26. Kf1 Rcf2+ 27. Qxf2 Rxf2+ 28. Kxf2 Qxd8) 26... Bxf3 27. Rxe8+ Nxe8
(27... Kh7 $19) 28. Bxf7+ Kh8 (28... Kxf7 $19)) (25. Qxb7 Rxg2+ 26. Kh1 Qe2 27.
Bxf7+ Kh7 28. Bg6+ Rxg6 29. Rg1 Rg2 $19) 25... Rcxd2 26. Bxd2 Bxf3 $1 0-1

[Event "ISR-ch op"]
[Site "Tel Aviv"]
[Date "1999.04.07"]
[Round "8"]
[White "Golod, Vitali"]
[Black "Zilberman, Yaacov"]
[Result "1/2-1/2"]
[WhiteElo "2554"]
[BlackElo "2513"]
[Annotator "Golod,V"]
[PlyCount "170"]
[EventDate "1999.03.28"]
[EventType "swiss"]
[EventRounds "9"]
[EventCountry "ISR"]
[SourceTitle "CBM 071"]
[Source "ChessBase"]
[SourceDate "1999.08.01"]
[SourceVersion "1"]
[SourceVersionDate "1999.08.01"]
[SourceQuality "1"]

1. d4 d5 2. c4 dxc4 3. e4 Nf6 4. e5 Nd5 5. Bxc4 Nb6 6. Bd3 ({Another line is:} 
6. Bb3 $5) 6... Nc6 7. Ne2 $5 ({Another alternative is:} 7. Be3 $5) 7... Bg4 $5
{Is the main line.Other options are:} (7... Be6) (7... Nb4) ({and} 7... g6) 8.
f3 ({Worse is:} 8. Be3) 8... Be6 9. Nbc3 Bc4 $5 {Besides,black has few options:
} (9... Qd7) (9... Bd5) ({and} 9... Nb4 $6) 10. Be4 $5 $146 (10. Bxc4 $143 Nxc4
11. Qb3 $5 (11. O-O $143 e6 12. f4 Qd7 13. Qd3 Nb6 14. f5 O-O-O 15. Bg5 Be7 16.
Bxe7 Qxe7 17. Qg3 $11 {0-1 Chow,A-Shamkovich,L/Chicago 1990/EXT 97 (34)}) 11...
Nb6 12. e6 $6 (12. Be3 $5 e6 13. a3 $10) 12... fxe6 13. Be3 Qd7 14. Nf4 Nd5 $1
$8 {=/=/+;Van der Wiel,J-Van Wely,L/Bruxelles(zt),1993(0-1)(55)}) 10... Qd7 $5
{/\ f5} 11. b3 $6 ({Better is normal move:} 11. O-O) 11... Bxe2 $5 ({After:} 
11... Ba6 $6 12. a3 O-O-O 13. Be3 {/\b4-b5 I have a slight initiative in the
queen side.}) 12. Nxe2 O-O-O {[%csl Rd4]} 13. Be3 $5 {Besides,white has two
options:} (13. Bxc6 $6 Qxc6 {(><d5)=/=/+}) ({and} 13. Bb2 $5) 13... Nd5 14. Bf2
f5 $1 15. exf6 $6 {This move is worse than:} (15. Bd3 Ndb4 {[%csl Rd3][%cal
Gc6e5]} 16. Bb1 $5 (16. Bb5 $6 a6 $140 17. a3 (17. Bxc6 $6 Nxc6 $15) 17... axb5
18. axb4 Kb8 $1 $15 {[%csl Rb4]}) (16. Bc4 $5 Nxe5 $140 17. a3 $1 (17. dxe5 $4
Qxd1+ 18. Rxd1 Nc2+ 19. Kf1 Rxd1+ $19) 17... Nxc4 18. axb4 Nb6 19. Rxa7 e5 $13)
16... Nxe5 17. a3 Nbc6 (17... Na6 $143 18. Qc2 $14 {[%csl Rf5]}) 18. Qc2 Nf7
19. Qxf5 e6 {+/=/=}) (15. Bb1 $6 e6 16. O-O $11) 15... exf6 (15... gxf6 $143
16. O-O f5 17. Bxd5 $1 Qxd5 18. Rc1 $14 {[%csl Rd5][%cal Ge2c3]}) 16. O-O f5
17. Bxd5 (17. Bd3 $143 Ba3 $5 {/\Rhe8|^}) 17... Qxd5 18. a3 $5 {><b4;White's
plan is:Qc2,Rfd1,Nc3or Nf4} ({Worse is:} 18. Nc3 {in view of:} Qf7 {=/=/+}) ({
and} 18. Qc2 {because of:} Nb4 $1 {(><d5)=/=/+}) 18... Be7 $5 {[%csl Rd4][%cal
Ge7f6]} 19. Qc2 Bf6 20. Rfd1 Kb8 21. Rac1 (21. Nf4 $143 Nxd4 $1 22. Nxd5 (22.
Rxd4 $2 Qxd4 23. Bxd4 Bxd4+ 24. Kf1 Bxa1 $17) 22... Nxc2 23. Ra2 Na1 $5 {
[%csl Rb3,Rd1,Gd8][%cal Ga1b3]} (23... c6 $4 24. Bg3+ Kc8 25. Rxc2 $18 {
[%csl Rc8]}) 24. Bg3 Rd7 25. Bxc7+ Rxc7 26. Nxc7 Kxc7 $15) ({Can be
recommended:} 21. Nc3 $5 Qd7 (21... Qf7 $2 22. d5 Ne7 $140 23. Bxa7+ Kxa7 24.
Nb5+ $40) 22. d5 Ne7 23. Bg3 $13) 21... Rhe8 22. Nf4 $6 ({Again not bad:} 22.
Nc3 $5 Qd7 23. d5 Ne7 24. Bg3 $13) 22... Qd6 23. d5 {[%cal Gf4e6]} ({Dubious:} 
23. Nh5 $6 {in view of:} Bxd4 $1 24. Nxg7 $140 Rg8 $1 $15) 23... Nd4 $5 ({
After:} 23... Qxf4 24. dxc6 Be5 25. Bg3 {-equality.}) 24. Bxd4 Qxf4 25. Bf2 {
[%cal Gd5d6]} (25. Bxf6 $6 gxf6 $15) 25... Be5 26. g3 $1 {[%mdl 512]} ({
Insufficiently for equality:} 26. Bg3 {because of:} Qg5 $1 (26... Qe3+ $143 27.
Bf2 Qh6 (27... Qf4 28. Bg3 Qe3+ 29. Bf2 $11) 28. g3 $13) 27. Bxe5 $140 $6 (27.
Bf2 $5 Bf4 28. Rb1 {=/=/+}) 27... Qe3+ 28. Kh1 Qxe5 $15 {[%csl Rd5]}) 26...
Qxf3 27. Rd3 Qh5 $1 (27... Qe4 $2 {is refuted by:} 28. Re1 Qg4 $8 29. Rde3 $1
Rxd5 $140 (29... Qd4 $143 30. Rxe5 $1 {[%csl Rd4,Gf2] +/-/+-}) 30. Qc3 $1 $16 {
[%csl Rb8,Re5]}) 28. d6 $1 {[%mdl 512]} (28. Qc5 $2 b6 29. Qc4 $17) 28... Qf7
$5 ({Also possibly:} 28... Bxd6 $5 29. Rxd6 $8 cxd6 (29... Rxd6 $4 30. Qxc7+
Ka8 31. Qc8+ Rxc8 32. Rxc8#) 30. Qc7+ Ka8 31. Qa5 b6 $8 (31... a6 $4 32. Qb6
$18 {[%csl Ra8][%cal Gb6a7]}) 32. Bxb6 $8 (32. Qd5+ $4 Kb8 $19) 32... Rd7 $8 {
[%csl Rg1]} 33. Qa6 $1 {[%csl Ra8][%cal Gc1c8]} Rb7 $5 (33... Rb8 34. Bxa7 Rxa7
$8 35. Qc6+ Rbb7 36. Qc8+ Rb8 37. Qc6+ Rab7 38. Qa6+ Ra7 39. Qc6+ $11) (33...
Kb8 34. Bxa7+ Rxa7 $8 35. Qxd6+ Ka8 36. Qc6+ Rb7 37. Qa6+ Kb8 38. Qd6+ Ka7 39.
Qd4+ Ka8 (39... Rb6 $4 40. Rc7+ Ka8 (40... Ka6 41. Qa4#) (40... Kb8 41. Qxb6+
Ka8 42. Qa7#) 41. Qa4+ Kb8 42. Qa7#) 40. Qa4+ Kb8 (40... Ra7 41. Qc6+ $11) 41.
Qf4+ $11) 34. Bxa7 {[%csl Ra8][%cal Ga7c5,Gc5d6]} Qe2 $1 (34... Rxa7 $4 35.
Rc8+ Rxc8 36. Qxc8#) 35. Rc8+ $1 Rxc8 36. Qxe2 Kxa7 $13 {_|_}) 29. Qxc7+ $2 {
Yawn of pawn!} (29. dxc7+ $1 {It is necessary:} Bxc7 (29... Qxc7 30. Rxd8+ Rxd8
(30... Qxd8 31. Qxf5 $11) 31. Bxa7+ Kxa7 32. Qxc7 Bxc7 33. Rxc7 Rd1+ 34. Kg2
Rd2+ $11) 30. Rxd8+ Rxd8 $8 (30... Bxd8 $4 31. Qc8#) 31. Bxa7+ Kxa7 32. Qxc7
Rd1+ 33. Kf2 Rd2+ 34. Ke3 Qd5 35. Qc5+ $1 Qxc5+ 36. Rxc5 Rxh2 37. Rxf5 $11)
29... Qxc7 30. Rxc7 $6 ({More strongly:} 30. dxc7+ Bxc7 31. Rxd8+ Bxd8 (31...
Rxd8 $2 32. Bxa7+ Kxa7 33. Rxc7 $14 {_|_}) 32. g4 $1 {[%csl Rb8][%cal Gf2g3]}
f4 (32... Bg5 $2 33. Rc5 $11) 33. Kg2 $15) 30... Rxd6 $1 $17 {[%csl Rc7][%mdl
4096]} 31. Rxd6 Kxc7 32. Rd5 b6 $6 {[%csl Ra7,Rb6,Gf2]} ({In my opinion
slightly better is:} 32... Kc6 $5 33. Rc5+ Kd6) ({or} 32... a6 $5) 33. Kg2 g6
34. Kf3 Bd6 35. Rd4 $5 Re7 ({After:} 35... Re4 $6 36. Rxe4 fxe4+ 37. Kxe4 Bxa3
38. Kd5 a5 39. Be1 Bd6 40. h3 {[%cal Gg3g4] white has a good odds on draw in
the B endgame.}) 36. a4 Kc6 $6 (36... Bc5 $142) 37. b4 $1 Be5 38. b5+ Kb7 39.
Rd5 Bc7 40. Rd4 {[%csl Ra4,Yd4]} a6 41. bxa6+ Kxa6 42. Rc4 Kb7 43. Rd4 Re6 44.
Rd7 $5 h5 ({Badly:} 44... Re4 {in view of:} 45. Rxh7 Rxa4 $140 46. Be3 $1 {
[%cal Ge3f4]} (46. Rg7 $6 b5 47. Rxg6 b4 48. Re6 b3 49. Re2 Rb4 50. Rb2 Be5 51.
Rb1 Kc6 52. Ke2 Kd5 53. Kd3 b2 $15) 46... Kc6 47. Rh6 Rg4 48. Bf2 $1 $15 {
[%cal Gh2h3]}) 45. Rg7 {[%csl Rg6]} Kc6 46. Be3 Bd6 47. Rg8 $1 Bc5 48. Bd2 Kd5
49. Rc8 Kc4 $2 {Deciding blunder.} (49... Bd4 {=/+/-/+}) 50. a5 $1 {[%mdl 64]}
bxa5 ({Forcing draw after:} 50... b5 51. a6 $1 Kd5 (51... Rxa6 $4 52. Be3 $16 {
[%csl Rc5]}) (51... Re7 $4 52. Bg5 $1 $18 {[%csl Rc5,Gc8][%cal Ga6a7,Gg5e3,
Gg5e7]} (52. a7 $5)) (51... Kd3 52. Rxc5 Kxd2 53. Rxb5 Rxa6 54. h4 $11) 52.
Rd8+ $1 Kc6 (52... Rd6 $4 53. Rxd6+ Kxd6 $8 54. Bb4 $1 $18 {[%csl Ga6,Gb4,Rc5,
Rd6]}) (52... Kc4 53. Rc8 $11) 53. Rc8+ Kd5 (53... Kb6 $4 54. a7 Kxa7 55. Rxc5
$16) 54. Rd8+ Kc4 (54... Ke5 $4 55. Bc3+ Bd4 56. Bxd4#) 55. Rc8 $11) 51. Bxa5
Ra6 52. Bd2 Kd5 53. Be3 $1 Be7 {[%cal Gg6g5]} 54. h4 $1 {[%csl Yg3,Yh4]} Ra3
55. Kf2 Bd6 {[%csl Re3][%cal Gd6g3]} 56. Re8 $1 $11 {[%cal Ye8e3]} Be5 57. Re7
Rb3 (57... Ke4 58. Bf4 {[%csl Re5]} Ra2+ 59. Kf1 Ra5 60. Re6 $11 {[%csl Re5,
Ge6,Rg6]}) 58. Re8 Rb4 59. Kf3 Rg4 60. Rd8+ Kc6 61. Bf2 Bd6 62. Re8 Kd5 63. Rd8
Ke6 64. Re8+ Kf7 65. Rd8 Ke7 66. Ra8 f4 67. gxf4 Rxf4+ 68. Kg2 Ke6 69. Ra6 Rg4+
70. Kh3 $1 {[%csl Yh3,Rh4]} Kd5 71. Be1 Be5 72. Ra3 $1 {[%cal Ya3g3]} Ke4 73.
Bf2 Kf5 74. Rf3+ Ke6 75. Rb3 Rc4 (75... Kf7 $144 76. Bg3 $1 (76. Rb7+ $5) 76...
Bxg3 77. Rxg3 Rxg3+ 78. Kxg3 Ke6 79. Kf4 Kf6 80. Ke4 Ke6 81. Kf4 $11) 76. Bg3
$1 Bd4 77. Ra3 Rc6 78. Rd3 Rc4 79. Ra3 Rc6 80. Rd3 Bf6 81. Re3+ Kd5 82. Rd3+
Ke6 83. Re3+ Kf5 84. Rd3 Ke4 85. Rd6 {[%csl Rc6,Gd6,Rf6]} Rxd6 1/2-1/2